Reforma constitucional de 1994 (Registro nro. 31336)

Detalles MARC
000 -LEADER
fixed length control field 00312 a2200109 4500
001 - CONTROL NUMBER
control field ART_41493
005 - DATE AND TIME OF LATEST TRANSACTION
control field 20260410162002.0
008 - FIXED-LENGTH DATA ELEMENTS--GENERAL INFORMATION
fixed length control field 260409a
100 1# - MAIN ENTRY--PERSONAL NAME
Personal name Badeni, Gregorio
245 10 - TITLE STATEMENT
Title Reforma constitucional de 1994
773 0# - HOST ITEM ENTRY
Title Pensar en derecho
Related parts - Año 3, Nº 5 (feb. 2015)
Record control number REV28996

No hay ítems disponibles.